Inspiring Feelings: (Record no. 188940)

MARC details
000 -LEADER
fixed length control field 00605nam a2200205 4500
005 - DATE AND TIME OF LATEST TRANSACTION
control field 20220608105704.0
010 ## - LCCN (DPL NO)
LC control number ENG-133114
020 ## - INTERNATIONAL STANDARD BOOK NUMBER
Terms of availability 50.00
035 ## - SYSTEM CONTROL NUMBER
System control number EN-116646
037 ## - SOURCE OF ACQUISITION
Source of stock number/acquisition DBAD/PUB
082 ## - DEWEY DECIMAL CLASSIFICATION NUMBER
Classification number 881
245 ## - TITLE STATEMENT
Title Inspiring Feelings:
Remainder of title An Anthology of Poems/
Statement of responsibility, etc edited by Suresh Frederick and M.Akbar Ali
250 ## - EDITION STATEMENT
Edition statement 1st
260 ## - PUBLICATION, DISTRIBUTION, ETC. (IMPRINT)
Place of publication, distribution, etc Chennai
Name of publisher, distributor, etc Pavai Printers (P) Ltd
Date of publication, distribution, etc 2012
270 ## - ADDRESS
Address 142, Jani Jan Khan Road, Royapettah
City Chennai
Postal code 600014
300 ## - PHYSICAL DESCRIPTION
Extent 105p.
Dimensions 21cm(pbk)
700 ## - ADDED ENTRY--PERSONAL NAME
Personal name Frederick, Suresh
700 ## - ADDED ENTRY--PERSONAL NAME
Personal name Ali, M.Akbar
942 ## - ADDED ENTRY ELEMENTS (KOHA)
Source of classification or shelving scheme Dewey Decimal Classification
Item type English Books
Classification part 881
Call number suffix INS
Holdings
Withdrawn status Lost status Not for loan Collection code Home library Current library Date acquired Source of acquisition Cost, normal purchase price Full call number Barcode Copy number Cost, replacement price Koha item type
      Non-fiction Bawana Bawana 08/06/2022 DBAD/PUB 50.00 881 INS EN-116646 1 50.00 English Books

© Delhi Public Library
Hit Counter
free hit counter